| 000 | 00000nam 2200000za 4500 |
| 001 | 9.604002 |
| 003 | CaOODSP |
| 005 | 20210624211344 |
| 007 | cr ||||||||||| |
| 008 | 150406|1993||||xxc|||||o f|0| 0 fre d |
| 022 | |a1488-545X |
| 040 | |aCaOODSP|bfre |
| 043 | |an-cn--- |
| 086 | 1 |aFs97-6/1903F-PDF |
| 110 | 1 |aCanada. |bMinistère des pêches et des océans. |
| 245 | 10|aÉvaluation du mécanisme de capture des casiers coniques conventionnels à crabe des neiges (Chionoecetes opilio) par observation sous-marines avec caméra vidéo / |h[ressource électronique]|cpar R. Vienneau, A. Paulin et M. Moriyasu. |
| 260 | |aMoncton - Nouveau-Brunswick : |bPêches et Océans Canada |cMars 1993. |
| 300 | |a23p.|bfigures, carte, références, tableaux |
| 490 | 1 |aRapport technique canadien des sciences halieutiques et aquatiques|x1488-545X|vN° 1903F |
| 500 | |aLe n° de catalogue (Fs97-6/1903F) et l'ISSN (0706-6570) de l'édition imprimée ont été incorrectement copiés dans l'édition électronique. |
| 546 | |a(Abstract in English) |
| 590 | |a12-23-Supp|b2012-05-28 |
| 720 | 1 |aVienneau, R. |
| 720 | 1 |aMoriyasu, M. |
| 720 | 1 |aPaulin, A. |
| 775 | 08|tEvaluation of the catch mechanism of conventional conical snow crab (Chionoecetes opilio) traps by underwater video camera observations / |w(CaOODSP)9.573874 |
| 776 | 0#|tÉvaluation du mécanisme de capture des casiers coniques conventionnels à crabe des neiges Chionoecetes opilio par observation sous-marines avec caméra vidéo / |w(CaOODSP)9.622095 |
| 830 | #0|aRapport technique canadien des sciences halieutiques et aquatiques,|x1488-545X|vN° 1903F|w(CaOODSP)9.500867 |
| 856 | 40|uhttps://publications.gc.ca/collections/collection_2012/mpo-dfo/Fs97-6-1903-fra.pdf|s629 Ko|qPDF |